| 000 | 00513nam a2200157Ia 4500 | ||
|---|---|---|---|
| 008 | 220216s9999 xx 000 0 und d | ||
| 100 | _aHoong Chan Weng | ||
| 245 | 0 | _aShort cuts on basal and high level virgin bark | |
| 260 | _bPreprints of Papers. International Natural Rubber Conference 13-14 November 2006, Vietnam, pp. 17-23. | ||
| 650 | _aBasal virgin bark | ||
| 650 | _aHigh level virgin bark | ||
| 650 | _aNon panel changing | ||
| 650 | _aPanel changing system | ||
| 650 | _aShort cuts | ||
| 942 | _cJS | ||
| 999 |
_c68657 _d68657 |
||